|
|
|
|
| LEADER |
00000nam0a2200000 4500 |
| 001 |
159845 |
| 005 |
20231101222137.0 |
| 035 |
|
|
|a (RuTPU)RU\TPU\book\173361
|
| 090 |
|
|
|a 159845
|
| 100 |
|
|
|a 20090515d1975 km y0rusy50 ca
|
| 101 |
1 |
|
|a eng
|c rus
|
| 102 |
|
|
|a RU
|
| 105 |
|
|
|a y z 001zy
|
| 200 |
1 |
|
|a Магнетизм микрочастиц
|d Magnetism of Elementary Particles
|f С. В. Вонсовский
|
| 210 |
|
|
|a Москва
|c Мир
|d 1975
|
| 215 |
|
|
|a 295 с.
|
| 300 |
|
|
|a На английском языке
|
| 320 |
|
|
|a References: p. 267-295.
|
| 454 |
|
1 |
|0 (RuTPU)RU\TPU\book\172475
|t Магнетизм микрочастиц
|f С. В. Вонсовский
|c Москва
|n Наука
|d 1973
|p 280 с.
|a Вонсовский, Сергей Васильевич
|
| 510 |
1 |
|
|a Magnetism of Elementary Particles
|z eng
|
| 606 |
1 |
|
|a Элементарные частицы
|x Магнитные свойства
|2 stltpush
|3 (RuTPU)RU\TPU\subj\21094
|9 46134
|
| 610 |
1 |
|
|a ядерная физика
|
| 610 |
1 |
|
|a магнетизм
|
| 610 |
1 |
|
|a микрочастицы
|
| 610 |
1 |
|
|a исследования
|
| 610 |
1 |
|
|a английский язык
|
| 675 |
|
|
|a 539.121.4
|v 3
|
| 700 |
|
1 |
|a Вонсовский
|b С. В.
|
| 801 |
|
1 |
|a RU
|b 63413507
|c 20090515
|g PSBO
|
| 801 |
|
2 |
|a RU
|b 63413507
|c 20201005
|g RCR
|
| 942 |
|
|
|c BK
|